| 000 | 00440nam a22001697a 4500 | ||
|---|---|---|---|
| 999 |
_c478401 _d478401 |
||
| 003 | NUST | ||
| 005 | 20180528074248.0 | ||
| 008 | 180528b ||||| |||| 00| 0 eng d | ||
| 020 | _a9788126508143 | ||
| 038 | _aSNS Libraray | ||
| 082 | _a003.54 | ||
| 100 |
_aThomas M. Cover _910549 |
||
| 245 |
_aElements of Information Theory _cThomas M. Cover |
||
| 260 |
_aIndia _bWiley India _c1999 |
||
| 300 |
_a542 p. _bPb. |
||
| 942 |
_2ddc _cBK |
||